Missing Word: Philip Seymour Hoffman (A-Z) Quiz Stats

 Plays Quiz Updated Jun 18, 2015

Challenge
Share
Tweet
Embed
Score 0/22 Timer 04:00
0 Plays Today
Hint Answer % Correct
________ Came PollyAlong
98.8%
The Hunger ________: Catching FireGames
98.7%
Mission: ________ IIIImpossible
98.3%
Punch-________ LoveDrunk
94.8%
Boogie ________Nights
94.2%
The Ides of ________March
92.5%
________ AdamsPatch
88.2%
Before the Devil ________ You're DeadKnows
87.1%
Charlie ________ WarWilson's
86.8%
The Big ________Lebowski
85.8%
The ________ Mr. RipleyTalented
85.7%
Hint Answer % Correct
Almost ________Famous
84.1%
Synecdoche, New ________York
79.2%
________ DragonRed
64.8%
25th ________Hour
42.9%
Strangers with ________Candy
40.6%
________ and MainState
34.3%
________ Goes BoatingJack
27.6%
My ________ BackBoyfriend's
21.5%
________ FallsEmpire
18.9%
________ MahownyOwning
10.9%
A Late ________Quartet
9.3%

Today's Daily Dose

Missing Word
TV HA - HZ

Word Ladder
Nordic Capital

On This Day
January 19th II

You're not logged in!

Compare scores with friends on all Sporcle quizzes.
OR
Log In

You Might Also Like...

Show Comments

Extras

Top Quizzes Today


Score Distribution

Your Account Isn't Verified!

In order to create a playlist on Sporcle, you need to verify the email address you used during registration. Go to your Sporcle Settings to finish the process.

Report this User

Report this user for behavior that violates our Community Guidelines.

Details: